The sun dance murders /

Saved in:
Bibliographic Details
Main Author: McCurtin, Peter
Format: Book
Language:English
Published: Manchester : Five Star Paperbacks, 1972.
LEADER 00730nam a2200205 a 4500
001 c000267941
003 CARM
005 20070822081710.0
008 070822s1972 enk 000 1 eng d
019 1 |a 50073365  |5 LACONCORD2021 
035 |a (OCoLC)812546594  |5 LACONCORD2021 
040 |a VCAV  |b eng  |c VCAV 
100 1 |a McCurtin, Peter. 
245 1 4 |a The sun dance murders /  |c Peter McCurtin. 
246 3 |a Sundance murders 
260 |a Manchester :  |b Five Star Paperbacks,  |c 1972. 
300 |a 156 p. 
852 8 |b CARM  |h A1:AM07A0  |i A04684  |p 0388251  |f BK 
999 f f |i 109b4d03-ae21-579c-a374-c20dfa8903a8  |s 89b3c2ff-78c3-5d27-900c-1716b7036956 
952 f f |p Can circulate  |a CAVAL  |b CAVAL  |c CAVAL  |d CARM 1 Store  |e A04684  |f A1:AM07A0  |h Other scheme  |i book  |m 0388251